000 00820nam a22002657a 4500
005 20230512221854.0
008 180423t xxu||||| |||| 00| 0 eng d
020 _a9780136158400
040 _cCSPC
082 0 _a515
_bEd951c
100 _aEdwards, C. Henry
_eauthor.
245 0 0 _aCalculus :
_bearly transcedentals /
_cC. Henry Edwards
250 _a7th
_bEdition.
260 _aNew Jersey :
_bPearson Educational International.
_c2008.
300 _a1346 pages :
_bimages, graphs ;
_c27 cm.
500 _aIncludes Index.
650 1 0 _aCalculus.
650 1 0 _aCalculus
_xStudy and teaching.
650 1 0 _aGeometry, Analytic.
700 1 _aPenney, David E.,
_eauthor.
940 _aMar
942 _cBOOK
_jCIR 515 Ed951c 2008
999 _c3607
_d3607